000 00418nam a2200181Ia 4500
001 13060
005 20260306163026.0
008 260306t2013||||xx |||||||||||||| ||spa||
041 _aESP
082 _aRD 658.5
_bS66
100 _aSoler, David
_eAUT
245 0 _aDiccionario de logística
260 _c2013
300 _a373 páginas :
_c23 cm.
650 _aGEN
654 _aCAN
942 _cDIC
_dJUS
_fJUS
_2ddc
_n
999 _c13060
_d13060